Devine les personnages de Naruto ! (Facile n°1) - Statistiques

Statistiques générales
  • Ce quiz a été pris 653 fois
  • Le résultat moyen est 16 sur 20
Statistiques - réponses
Description Personnage % Correct
Uchiwa fondateur de Konoha Madara
96%
Hermite pas net Jiraya
93%
Kakashi lui apprend les "Mille Oiseaux" Sasuke
93%
Est amoureuse du personnage principal Hinata
91%
Première Ninja médecin Tsunade
91%
Rival de Gai Maito Kakashi
90%
Disciple de Naruto Konohamaru
90%
Fils de l'élair jaune de Konoha Naruto
89%
Contrôle les Pain Nagato
88%
"L'art est explosion" Deidara
87%
Compagnon de Kiba Akamaru
81%
Seul manipulateur naturel du Mokuton Hashirama
77%
Enfant du 3ème Hokage Asuma
76%
Ombrageuse panthère de jade de Konoha Gai
74%
Chef de la Racine Danzô
72%
Frère de combat du 4ème Raikage Killer Bee
68%
Abandonne lors de l'examen Chunin Shikamaru
64%
Créateur du village d'Oto Orochimaru
60%
Démon semi-taureau et semi-poulpe Hachibi
52%
Se sacrifie pour le 5ème Kazekage Chiyo
43%
Aucun quiz correspondant
Distribution des résultats
% des personnes avec chaque résultat
Percentile par nombre de réponses
Votre historique - résultats
Vous n’avez pas pris ce quiz